1332 1709 1136 1844 1011 1615 1829 1988 1975 1409 1554 1689 1356 1616 1157 1295 1978 1882 1201 1078 1173 1795 1862 1643 1442 1969 1156 1629 1442 1092 1285 1088 1391 1377 1696 1805 1148 1871 1381 1847 1564 1819 1472 1232 1693 1513 1712 1240 1571 1696 1072 1135 1100 1231 1518 1304 1893 1802 1572 1279 1358 1242 1393 1173 1100 1230 1369 1393 1371 1951 1703 1971 1378 1961 1808 1214 1031 1235 1939 1388 1277 1211 1984 1115 1229 1242 1321 1528 1987 1649 1728 1960 1319 1183 1604 1296 1189 1527 1111 BCNSPRNW ULIB Ver.6.0+V

เปลี่ยนเป็นภาษาไทย

Change to English
 แสดงรายละเอียดบรรณานุกรม
  กลับหน้าหลัก

Brief Record : Get Marc (ISO 2709) : E-mail record : QR code < ปิดหน้าต่าง
LEADER : 00000nam 2200000uu 4500
001    13399112167
003     ULIB
008    110729s2552||||th 000 0 tha d
020    9789743008504
050 04 HD30.2^bน199ส 2552
100 0  นภินทร ศิริไทย
245 00 สารพัดช่าง KM สู่ LO :^b(Tools for change) /^cนภินทร ศิริไทย,บรรณาธิการ
250    พิมพ์ครั้งที่ 1
260    กรุงเทพฯ :^bสถาบันส่งเสริมการจัดการความรู้เพื่อสังคม,^c2552
300    111 หน้า :^bภาพประกอบ ;^c21 ซม
505 2  ช่างฝัน -- ช่างก่อ -- ช่างจุด (ประกาย) -- ช่างเจาะ (ลึกถึงแก่น) --ช่างเชื่อม -- ช่างหนุน (สนับสนุน) -- ช่างคิด (นอกกรอบ) -- ช่างชื่นชม (เชิงบวก) -- ช่างเปลี่ยน (แปลง) -- ช่างตีความ -- ช่างสำรวจ -- ช่างเปิด (ใจ) -- ช่างออกแบบ (การเรียนรู้) -- ช่างปรับ (ประยุกต์) --ช่างทดลอง (ปฏิบัติ) -- ช่างทำงาน (เป็นทีม) -- ช่างแลกเปลี่ยน (เรียนรู้)-- ช่างขยาย (ความสำเร็จ) -- ช่างเล่า (เรื่องดี) -- ช่างฟัง (อย่างลึกซึ้ง) -- ช่างซัก (ถาม) -- ช่างเขียน (บันทึก) -- ช่างเก็บ (บทเรียน) -- ช่างทบทวน (ตนเอง)
650  7 การเรียนรู้องค์การ
650  7 การบริหารองค์ความรู้
700 0  นภินทร ศิริไทย
710 2  สถาบันส่งเสริมการจัดการความรู้เพื่อสังคม
945    ^p120^l0^i026799
945    ^p120^l0^i026800
945    ^p120^l0^i026801
995    ทศพร
999 ^a ทศพร
รายการนี้ยังไม่มีแท็ก
คุณยังไม่ได้ล็อกอิน คุณสามารถมีกิจกรรมร่วมกับเว็บไซต์ได้ แต่ต้องล็อกอินก่อน ::
  ล็อกอิน

รายการสื่อสารสนเทศ

ลำดับที่ ประเภท เลขเรียก/บาร์โค้ด สถานที่ สถานะ
1. การศึกษาทั่วไป
การศึกษาทั่วไป
HD30.2 น199ส 2552 ฉ.2 
  Barcode: 026800
ห้องสมุดวิทยาเขตนครสวรรค์
►หนังสือทั่วไป:l:General Books
บนชั้น
2. การศึกษาทั่วไป
การศึกษาทั่วไป
HD30.2 น199ส 2552 ฉ.3 
  Barcode: 026801
ห้องสมุดวิทยาเขตนครสวรรค์
►หนังสือทั่วไป:l:General Books
บนชั้น

รายการใกล้เคียง
    ผู้แต่ง [นภินทร ศิริไทย]

    หัวเรื่อง [การเรียนรู้องค์การ]
    หัวเรื่อง [การบริหารองค์ความรู้]

BibComment


ยังไม่เคยถูกคอมเมนท์

คอมเมนท์ทรัพยากรรายการนี้
  คอมเมนท์: สารพัดช่าง KM สู่..


 Copyright 2026. Bcnsprnw @Library